<?xml version="1.0" encoding="UTF-8"?>
<collection xmlns="http://www.loc.gov/MARC21/slim">
 <record>
  <leader>01057naa a2200253 i 4500</leader>
  <controlfield tag="001">acta46365</controlfield>
  <controlfield tag="005">20220114091352.0</controlfield>
  <controlfield tag="008">170218s1987    hu      o     0||   eng d</controlfield>
  <datafield tag="020" ind1=" " ind2=" ">
   <subfield code="a">963 7179 011</subfield>
  </datafield>
  <datafield tag="022" ind1=" " ind2=" ">
   <subfield code="a">0562-2883</subfield>
  </datafield>
  <datafield tag="040" ind1=" " ind2=" ">
   <subfield code="a">SZTE Egyetemi Kiadványok Repozitórium</subfield>
   <subfield code="b">hun</subfield>
  </datafield>
  <datafield tag="041" ind1=" " ind2=" ">
   <subfield code="a">eng</subfield>
  </datafield>
  <datafield tag="100" ind1="1" ind2=" ">
   <subfield code="a">Csákány Béla</subfield>
  </datafield>
  <datafield tag="245" ind1="1" ind2="4">
   <subfield code="a">The character of Albert Szent-Györgyi</subfield>
   <subfield code="h">[elektronikus dokumentum] /</subfield>
   <subfield code="c"> Csákány Béla</subfield>
  </datafield>
  <datafield tag="260" ind1=" " ind2=" ">
   <subfield code="c">1987</subfield>
  </datafield>
  <datafield tag="300" ind1=" " ind2=" ">
   <subfield code="a">32-34</subfield>
  </datafield>
  <datafield tag="490" ind1="0" ind2=" ">
   <subfield code="a">Studia Medica Szegedinensia</subfield>
   <subfield code="v">11</subfield>
  </datafield>
  <datafield tag="490" ind1="0" ind2=" ">
   <subfield code="a">In commemoration of Albert Szent-Györgyi = In memoriam Albert Szent-Györgyi : [a session] in ... the central building of the universities, Szeged, 15 Dec. 1986</subfield>
   <subfield code="v">11</subfield>
  </datafield>
  <datafield tag="650" ind1=" " ind2="4">
   <subfield code="a">Természettudományok</subfield>
  </datafield>
  <datafield tag="650" ind1=" " ind2="4">
   <subfield code="a">Biológiai tudományok</subfield>
  </datafield>
  <datafield tag="650" ind1=" " ind2="4">
   <subfield code="a">Orvos- és egészségtudomány</subfield>
  </datafield>
  <datafield tag="650" ind1=" " ind2="4">
   <subfield code="a">Általános orvostudomány</subfield>
  </datafield>
  <datafield tag="695" ind1=" " ind2=" ">
   <subfield code="a">Szent-Györgyi Albert, Orvostudomány története - Magyarország, Biokémia - magyar - 20. sz.</subfield>
  </datafield>
  <datafield tag="856" ind1="4" ind2="0">
   <subfield code="u">http://acta.bibl.u-szeged.hu/46365/1/studia_medica_011_032-034.pdf</subfield>
   <subfield code="z">Dokumentum-elérés </subfield>
  </datafield>
 </record>
</collection>
